| 000 | 01298nam a22003371 4500 | ||
|---|---|---|---|
| 001 | 10175 | ||
| 003 | BD-RjUL | ||
| 005 | 20211208234915.0 | ||
| 008 | 140123s1962 nyua 101 0 eng d | ||
| 035 | _a(BD-RjUL)10223 | ||
| 040 |
_aDLC/ICU _cICU _dDLC _dBD-RjUL _beng |
||
| 041 | _aeng | ||
| 082 | 0 | 0 |
_a539.7213 _bNEU 1962 |
| 111 | 2 |
_aNeutron Physics Symposium _d(1961 : _cRensselaer Polytechnic Institute) _933537 |
|
| 245 | 1 | 0 |
_aNeutron physics : _bproceedings of the symposium held at Rensselaer Polytechnic Institute, May 5-6, 1961. _cEdited by M.L. Yeater. |
| 260 |
_aNew York : _bAcademic Press, _c1962. |
||
| 300 |
_axiii, 303 p. : _billus., diagrs., tables. _c24 cm. |
||
| 490 | 1 |
_aNuclear science and technology, a series of monographs and textbooks, _vv. 2 |
|
| 500 | _aSponsored by Rensselaer Polytechnic Institute and the American Nuclear Society. | ||
| 504 | _aIncludes index. | ||
| 650 | 0 |
_aNeutrons _xCongresses. _929074 |
|
| 650 | 0 |
_aNuclear reactors _xCongresses. _931419 |
|
| 830 | 0 |
_vv. 2. _933538 |
|
| 700 | 1 |
_aYeater, M. L., _eed. _931421 |
|
| 710 | 2 |
_aRensselaer Polytechnic Institute. _931422 |
|
| 710 | 2 |
_aAmerican Nuclear Society. _931423 |
|
| 830 | 0 |
_aNuclear science and technology ; _933539 |
|
| 942 |
_2ddc _cBK |
||
| 999 |
_c10175 _d10175 |
||